00710cam a2200205 a 450000100060000000300080000600500170001400800410003103500510007204000470012304100080017008200220017810000340020024500820023426000380031630000340035450400510038865000240043965000410046310279BD-RjUL20211208234927.0140123s1958 enka b 001 0 eng c a(BD-RjUL)10327aOCLC ocm01001413 from D970731M aITDcITDdUKMdYSMdOCLdEQOdBD-RjULbeng aeng00a547.139bBRI 19581 aBrown, G. I.q(George Ingham)13aAn introduction to electronic theories of organic chemistry /cby G.I. Brown. aLondon :bLongmans, Green,c1958. avii, 209 p. :bill. ;c19 cm. aIncludes bibliographical references and index. 0aChemistry, Organic. 0aChemistry, Physical and theoretical.